00322nam a2200133Ia 4500008004100000020001500041041001200056082001600068100001500084245003900099260003400138300000800172650000800180221030s9999 xx 000 0 und d a8175441917 aEnglish a105.23bNai aB. S. Nair 0aElectronic Circuitscby B. S. Nair bWheeler Pub.aNew Delhic2000 a159 aECE